| 000 | 00499nam a22001337a 4500 | ||
|---|---|---|---|
| 082 |
_a625.85 _bSTA _cD |
||
| 100 |
_aUS department of transportation, _913255 |
||
| 245 | _aState of the art guidline manual for design, quality control, and construction of sulfer-extended-asphalt (sea) pavements/ | ||
| 260 |
_aWashington DC: _bUS department of transportation, _cc1980 |
||
| 300 |
_avarious paging,; _bill,: _c29cm |
||
| 526 |
_a0 _b0 _c0 _d625_850000000000000_STA |
||
| 650 |
_aMCE _9379 |
||
| 942 |
_2ddc _cBK |
||
| 999 |
_c548036 _d548036 |
||